| 000 | 00550nam a2200193Ia 4500 | ||
|---|---|---|---|
| 003 | GCL | ||
| 008 | 140319s9999 xx 000 0 ara d | ||
| 040 |
_aGCL / _cGCL |
||
| 082 | 0 | 4 |
_a833.03 _bا ث |
| 100 | 1 | _aنبيل راغب | |
| 245 | 1 | 0 |
_aثورة الصيادين / _cنبيل راغب |
| 700 | 1 | _aفوزى سليمان (ترجمة) | |
| 700 | 1 | _aانازيجرز | |
| 300 | _a162 ص | ||
| 490 | _a | ||
| 650 | 0 | 4 | _aالادب الالمانى المترجم |
| 650 | 0 | 4 | _aالقصة الالمانية المترجمة |
| 942 |
_2ddc _cBK |
||
| 999 |
_c40131 _d40131 |
||